Biblioteka Instytutu Północnego w Olsztynie

Widok standardowy Widok MARC

Pozycja Geographic Name

Liczba rekordów, w których użyto hasła: 1

001 - Numer kontrolny

  • control field: 40688

003 - Identyfikator numeru kontrolnego

  • control field: NUKAT

005 - Data i czas ostatniej modyfikacji

  • control field: 20260427141958.0

008 - Dane kontrolne kodowane (40 znaków)

  • fixed length control field: 050119 n asznnbabn a aaa

010 ## - Numer kontrolny Biblioteki Kongresu

  • numer kontrolny LC: p 2004325897

035 ## - Numer systemowy

  • numer systemowy: a1642430x

040 ## - Instytucja sporządzająca rekord

  • inst. przygot. dane do rek. khw: WA N/ONBwk
  • język haseł przedmiotowych/tezaurus: DBN
  • inst. wprow. rek. khw: WA N/RZas

151 ## - Hasło - nazwa geograficzna

  • nazwa geograficzna: Rothesay (Wielka Brytania)

510 2# - Trop zob. też - nazwa ciała zbiorowego

  • nazwa ciała zbior. lub geogr. na pocz.: Obóz odosobnienia Rothesay

670 ## - Źródło informacji

  • źródło informacji: Britt.
Biblioteka Instytutu Północnego, ul. Partyzantów 87, 10-402 Olsztyn, email: biblioteka(at)ip.olsztyn.pl